Slabikář neformálního vzdělávání v práci s mládeží /

Hlavní autor: Pešek, Tomáš
Další autoři: Škrabský, Tibor, Novosádová, Monika, 1977-, Dočkalová, Jolana, 1977-
Jazyk: Čeština
Vydáno: [Praha] : Asociace neformálního vzdělávání (ANEV), 2019
Vydání: 1. vydání
Témata:
Fyzický popis: 191 stran : ilustrace (převážně barevné) ; 17 x 24 cm
Knihy
Uloženo v:
LEADER 01915nam a2200469 i 4500
001 nkc20193101007
003 CZ PrNK
005 20200113165320.0
007 ta
008 190604s2019 xr a e f 000 0 cze
015 |a cnb003101007 
020 |a 978-80-907579-0-5  |q (Asociace neformálního vzdělávání ;  |q brožováno) 
035 |a (OCoLC)1140091966 
040 |a OLA001  |b cze  |e rda 
072 7 |a 374  |x Výchova a vzdělávání dospělých. Mimoškolní výchova a vzdělávání  |2 Konspekt  |9 22 
080 |a 374  |2 MRF 
080 |a 374.32  |2 MRF 
080 |a (072)  |2 MRF 
100 1 |a Pešek, Tomáš  |7 ola20191044077  |4 aut 
245 1 0 |a Slabikář neformálního vzdělávání v práci s mládeží /  |c Tomáš Pešek, Tibor Škrabský, Monika Novosádová, Jolana Dočkalová 
250 |a 1. vydání 
264 1 |a [Praha] :  |b Asociace neformálního vzdělávání (ANEV),  |c 2019 
300 |a 191 stran :  |b ilustrace (převážně barevné) ;  |c 17 x 24 cm 
336 |a text  |b txt  |2 rdacontent 
337 |a bez média  |b n  |2 rdamedia 
338 |a svazek  |b nc  |2 rdacarrier 
504 |a Obsahuje bibliografie 
650 0 7 |a neformální vzdělávání  |7 ph459479  |2 czenas 
650 0 7 |a práce s mládeží  |7 ph124700  |2 czenas 
650 0 9 |a non-formal education  |2 eczenas 
650 0 9 |a work with youth  |2 eczenas 
655 7 |a metodické příručky  |7 fd132826  |2 czenas 
655 9 |a methodological manuals  |2 eczenas 
700 1 |a Škrabský, Tibor  |7 ola20191044083  |4 aut 
700 1 |a Novosádová, Monika,  |d 1977-  |7 xx0093628  |4 aut 
700 1 |a Dočkalová, Jolana,  |d 1977-  |7 mzk2010565860  |4 aut 
910 2 |a BOA001  |b 2-1430.512 
990 |a BK 
995 |a 01 
991 |b 201909  |c NOV 
996 6 |b 2610789208  |c 2-1430.512  |l MZK  |r Sklad / do 1 hodiny  |n 2  |p p.v.  |w 001734970  |u 000010  |a 1  |e BOA001  |j MZK50  |s P 
996 7 |b 2610795674  |c 2-1430.512  |l MZK  |r Sklad / do 1 hodiny  |n 5  |p kup  |w 001734970  |u 000020  |a 1  |e BOA001  |j MZK50  |s A